000 006260000a22001930004500
090 _aAR
_b01329
245 1 0 _aNew species of fruit-eating bat (<genus Artibeus>) from Central America
650 1 4 _aFrugívoros
_993040
650 1 4 _aTaxonomía animal
_98245
650 1 4 _aSistemática animal
_992968
650 1 4 _aMurciélagos
_92659
651 4 _pAmérica Central
_992749
653 _fPhyllostomidae
_gArtibeus
041 0 _aInglés
700 1 _aCarter, Dilford C.
_994546
100 1 _aDavis, William B.
_994541
942 _cARTICULO
773 1 _tProceedings of the Biological Society of Washington
_341
_q119-121
_d1964
_g77
999 _c10414
_d10414